000 00635nam a2200193Ia 4500
003 OSt
005 20250218101737.0
008 210210b1993 xxu||||| |||| 00| 0 eng d
040 _cAL
041 _aKannada
082 _aK894.9 KARK
100 _aKARNATAKA SAHITYA AKADEMI.
_dಕರ್ನಾಟಕ ಸಾಹಿತ್ಯ ಅಕಾಡೆಮಿ
_9200559
245 _aKannada Sahitya Samikshe 1991
_bಕನ್ನಡ ಸಾಹಿತ್ಯ ಸಮೀಕ್ಷೆ ೧೯೯೧
260 _aBengaluru
_bKarnataka Sahitya Akademi
_c1993
300 _axii,228
690 _aKannada Criticism
_9200560
906 _a054079
942 _2ddc
_cBK
999 _c101820
_d101820